| 000 | 00715nam a2200205 i 4500 | ||
|---|---|---|---|
| 001 | 130066 | ||
| 003 | ES-MaACL | ||
| 005 | 20240501063046.0 | ||
| 007 | t| | ||
| 008 | 070717s1944 sp ||||1| spa d | ||
| 100 | 1 |
_aZúñiga, Juan Eduardo, _d1919-2020 _9118516 |
|
| 245 | 1 | 3 |
_aLa historia y la política de Bulgaria / _cJuan Eduardo Zúñiga Amaro. |
| 260 |
_aMadrid : _bEdit. Pace, _c[1944] ( _fMil Industrias Gráficas) |
||
| 300 |
_a218 p. ; _c17 cm. |
||
| 490 | 1 |
_aLas grandes cuestiones internacionales ; _v5 |
|
| 651 | 4 |
_aBulgaria- _xHistoria. _97899 |
|
| 830 | 0 |
_aLas grandes cuestiones internacionales ; _v5 _9219410 |
|
| 852 |
_aES-MaACL _jB-10170 _bR.21372 |
||
| 999 |
_c130066 _d130066 |
||